Diseño de un sistema de matrícula para la Sede Central, Universidad de Costa Rica
Gardado en:
| Autor Principal: | |
|---|---|
| Outros autores: | , |
| Formato: | Libro |
| Publicado: |
[San José , Costa Rica]
1983
|
| Etiquetas: |
Engadir etiqueta
Sen Etiquetas, Sexa o primeiro en etiquetar este rexistro!
|
MARC
| LEADER | 00000nam a2200000Ia 4500 | ||
|---|---|---|---|
| 003 | 002375 | ||
| 005 | 20221231144414.0 | ||
| 008 | 140114s1983 c a m 000 ||s d | ||
| 040 | |c cru CEDI | ||
| 090 | |a TFG 1438 | ||
| 100 | |a Ly Salazar, Jorge |9 15059 | ||
| 245 | |a Diseño de un sistema de matrícula para la Sede Central, Universidad de Costa Rica | ||
| 260 | |c 1983 |a [San José , Costa Rica] | ||
| 300 | |a 249[67] hojas algunas plegables :ilustraciones algunas a color | ||
| 500 | |a Proyecto de graduación. Universidad de Costa Rica. Facultad de Ingeniería. Escuela de Ingeniería Industrial | ||
| 700 | |9 15060 |a Monge Rodríguez, Alvaro | ||
| 700 | |9 15061 |a Oconitrillo Ortiz, Carlos | ||
| 942 | |c TFG | ||
| 999 | |c 21387 |d 21387 | ||
